Ekonomické aspekty sociálnej atmosféry v podniku
Posudzovanie ekonomickej úspešnosti podniku. Vnímanie dopadu úspešnosti podniku zamestnancami, na ich konkrétne pracovné a sociálne podmienky, čo sa následne odráža v ich spokojnosti. Sociálny a kultúrny subsystém podniku je základom formovania podnikovej kultúry. Charakteristika podnikovej kultúry...
Guardado en:
| Autor principal: | |
|---|---|
| Formato: | Capítulo de libro |
| Lenguaje: | eslovaco |
| Materias: | |
| Etiquetas: |
Sin Etiquetas, Sea el primero en etiquetar este registro!
|
MARC
| LEADER | 00000naa$a2200000$$$4500 | ||
|---|---|---|---|
| 001 | 0022011 | ||
| 005 | 20240502071412.7 | ||
| 041 | 0 | |a slo | |
| 044 | |a SK | ||
| 245 | 1 | 0 | |a Ekonomické aspekty sociálnej atmosféry v podniku |c Hana Adamková |
| 520 | |a Posudzovanie ekonomickej úspešnosti podniku. Vnímanie dopadu úspešnosti podniku zamestnancami, na ich konkrétne pracovné a sociálne podmienky, čo sa následne odráža v ich spokojnosti. Sociálny a kultúrny subsystém podniku je základom formovania podnikovej kultúry. Charakteristika podnikovej kultúry (P. Brose, J. Hentze, E.H, Schein). Imidž podniku ako súčasť podnikovej kultúry, má významný vplyv na vnímanie úspešnosti podniku navonok. Konštatovanie, že externé spoločenské uznanie a prestíž podniku stimuluje k výkonom a súdržnosti, kým negatívne hodnotenie podniku znižuje výkonnosť. súdržnosť ako aj nárast fluktuácie zamestnancov. | ||
| 610 | 2 | 0 | |a kultúra podniková |
| 610 | 2 | 0 | |a kultúra procesu pracovného |
| 610 | 2 | 0 | |a imidž |
| 610 | 2 | 0 | |a úspech pracovný |
| 610 | 2 | 0 | |a klíma sociálna |
| 610 | 2 | 0 | |a prostredie podnikové |
| 610 | 2 | 0 | |a vzťahy pracovné |
| 100 | 1 | |a Adamková, Hana, 1969- | |